000 00652nam a2200241Ia 4500
001 40614
005 20240114003346.0
007 ta
008 071224s1946 g b000 u 903 u
040 _aCotton College Assam
041 _a903
082 _a516.51
_bB 916 C
100 _aBagchi, H D .
245 0 _aCo-ordinate Geometry /
_cH D Bagchi & B N Mukherjee.
_hTextual Documents
250 _a6th Edn /
260 _aCalcutta :
_bU.N.Dhur & Sons PVT.LTD ,
_c1946.
300 _a240p. ;
_c15cm..
653 _aCo-ordinate Geometry
653 _aG-Co-ordinate Geometry
942 _2ddc
_cBK
999 _c40585
_d40585